| 000 | 00382nam a2200133Ia 4500 | ||
|---|---|---|---|
| 008 | 220204s9999 xx 000 0 und d | ||
| 082 |
_a055 _bFIN |
||
| 100 | _aFINCH, Vernor C | ||
| 245 | 0 | _aEarth and its resources: A textbook for courses in physical geography and earthscience | |
| 250 | _aEd.2 | ||
| 260 |
_aNew York _bMcgraw Hill _c1948 |
||
| 650 | _aEarth science | ||
| 942 | _cBK | ||
| 999 |
_c19399 _d19399 |
||